000 00526nam a2200193Ia 4500
003 GCL
008 140319s9999 xx 000 0 eng d
040 _aGCL /
_cGCL
082 0 4 _a622.1
_bR C
100 1 _aRAMANI, RAJA
245 1 0 _aCOMPUTERS IN MINERAL INDUSTRY /
_cRAMANI, RAJA
700 1 _aMOZUMDAR, BYOY K.
700 1 _aSAMADDAR, ARUN, B
260 _a[S.N] :
_bOXFORD & IBH PUBLISHING CO.PVT. LTD. ،
_c1994
300 _a340 P
650 0 4 _aMINING ENGINEERING
650 0 4 _aMINERAL INDUSTRY
942 _2ddc
_cBK
999 _c20140
_d20140